Notas para la ordenación del pastoreo en praderas de tipo atlántico / (Record no. 120631)

MARC details
000 -LEADER
campo de control de longitud fija 00682nam a2200193 4500
001 - NÚMERO DE CONTROL
campo de control 120631
003 - IDENTIFICADOR DE NÚMERO DE CONTROL
campo de control ES-MaACL
005 - FECHA Y HORA DE LA ÚLTIMA TRANSACCIÓN
campo de control 20240304175149.0
007 - CAMPO FIJO DE DESCRIPCIÓN FÍSICA--INFORMACIÓN GENERAL
campo de control de longitud fija t|
008 - DATOS DE LONGITUD FIJA--INFORMACIÓN GENERAL
campo de control de longitud fija 070214s1963 sp r ||||1| spa d
100 1# - ENTRADA PRINCIPAL--NOMBRE DE PERSONA
Nombre de persona Pozo Ibáñez, Manuel del.
9 (RLIN) 93548
245 10 - MENCIÓN DEL TÍTULO
Título Notas para la ordenación del pastoreo en praderas de tipo atlántico /
Mención de responsabilidad, etc. por Manuel del Pozo Ibáñez.
260 ## - PUBLICACIÓN, DISTRIBUCIÓN, ETC.
Lugar de publicación, distribución, etc. Madrid :
Nombre del editor, distribuidor, etc. Neografis,
Fecha de publicación, distribución, etc. 1963.
300 ## - DESCRIPCIÓN FÍSICA
Extensión 50 p. ;
Dimensiones 24 cm.
500 ## - NOTA GENERAL
Nota general Precede al tít.: Ministerio de Agricultura. Dirección General de Agricultura.
710 1# - ENTRADA AGREGADA--NOMBRE DE ENTIDAD CORPORATIVA
Nombre de entidad corporativa o nombre de jurisdicción como elemento de entrada España.
Unidad subordinada Dirección General de Agricultura
9 (RLIN) 3699
852 ## - LOCALIZACIÓN
Ubicación ES-MaACL
Número de control de estantería 2034-F-2
Sublocalización o colección R.53228
Holdings
Estatus retirado Estado de pérdida Estado de daño No para préstamo Colección Biblioteca de origen Biblioteca actual Ubicación en estantería Fecha de adquisición Fuente de adquisición Total de préstamos Signatura topográfica completa Código de barras Visto por última vez Precio de reemplazo Tipo de ítem Koha
        Colección de folletos Biblioteca del Ateneo de Madrid Biblioteca del Ateneo de Madrid Depósito folletos 17/01/2008     2034-F-2 1125738 23/02/2023 23/02/2023 Folleto